000
00235nam a22000857a 4500
008
160708b xxu||||| |||| 00| 0 eng d
100
_9
2459
_a
Tickoo, M.L
245
_a
Guided Reading - XII
260
_a
Delhi
_b
Central Board of Sec.Edu.
_c
1996
999
_c
2130
_d
2130